000 00552nam a2200217 a 4500
001 BRCA_6573
005 20190320205517.0
008 300911s1913----u--#######---#000-0#eng-#
041 _aeng
044 _au
050 4 _aQB8
_b.E7 A54
_c1911
245 1 0 _aThe American nautical almanac.
260 _aWashington
_bGovernment Printing Office
_c[1911]
300 _ax, 204 p.
_c23 cm.
500 _aL117
650 1 4 _aAlmanaques náuticos
_916394
650 1 4 _aEfemérides
_916395
650 1 4 _aNavegación
_915772
902 _aGFM
942 _2lcc
_cB
999 _c6257
_d6257